खजाने वाला द्वीप / (Record no. 118398)
[ view plain ]
| 000 -LEADER | |
|---|---|
| fixed length control field | 01218nam a22002657a 4500 |
| 005 - DATE AND TIME OF LATEST TRANSACTION | |
| control field | 20170124103111.0 |
| 010 ## - LIBRARY OF CONGRESS CONTROL NUMBER | |
| LC control number | B-245969 |
| 020 ## - INTERNATIONAL STANDARD BOOK NUMBER | |
| Terms of availability | 100.00 |
| 035 ## - SYSTEM CONTROL NUMBER | |
| System control number | B-245969 |
| 037 ## - SOURCE OF ACQUISITION | |
| Source of stock number/acquisition | Cen Lib/Ret |
| 040 ## - CATALOGING SOURCE | |
| Original cataloging agency | DPL |
| Language of cataloging | HN |
| 082 ## - DEWEY DECIMAL CLASSIFICATION NUMBER | |
| Classification number | उ |
| Item number | स्टीवेंस |
| 100 ## - MAIN ENTRY--PERSONAL NAME | |
| Personal name | स्टीवेंसन, आर. एल. |
| 9 (RLIN) | 79930 |
| 245 ## - TITLE STATEMENT | |
| Title | खजाने वाला द्वीप / |
| Statement of responsibility, etc | आर. एल.स्टीवेंसन;अनुवादक रवि प्रकाश शर्मा |
| 246 ## - VARYING FORM OF TITLE | |
| Title proper/short title | Khazanay wala dweep / |
| Remainder of title | by R. L. Stivension;anuvadak Ravi Prakash Sharma |
| 260 ## - PUBLICATION, DISTRIBUTION, ETC. (IMPRINT) | |
| Place of publication, distribution, etc | दिल्ली |
| Name of publisher, distributor, etc | डव पब्लिकेशन |
| Date of publication, distribution, etc | 2004 |
| 270 ## - ADDRESS | |
| Address | बी-97, चेतन अपार्टमेन्ट, सेक्टर-9 रोहिणी |
| City | दिल्ली |
| Postal code | 110085 |
| 300 ## - PHYSICAL DESCRIPTION | |
| Extent | 72पृ. |
| Dimensions | 21सेमी(सजिल्द) |
| 650 ## - SUBJECT ADDED ENTRY--TOPICAL TERM | |
| Topical term or geographic name as entry element | साहित्य--उपन्यास |
| 9 (RLIN) | 79931 |
| 650 ## - SUBJECT ADDED ENTRY--TOPICAL TERM | |
| Topical term or geographic name as entry element | हिंदी उपन्यास |
| 9 (RLIN) | 79932 |
| 650 ## - SUBJECT ADDED ENTRY--TOPICAL TERM | |
| Topical term or geographic name as entry element | Literature--Novel |
| 9 (RLIN) | 79933 |
| 650 ## - SUBJECT ADDED ENTRY--TOPICAL TERM | |
| Topical term or geographic name as entry element | Hindi novel |
| 9 (RLIN) | 79934 |
| 700 ## - ADDED ENTRY--PERSONAL NAME | |
| Personal name | शर्मा, रवि प्रकाश |
| 9 (RLIN) | 44630 |
| 942 ## - ADDED ENTRY ELEMENTS (KOHA) | |
| Source of classification or shelving scheme | Dewey Decimal Classification |
| Koha item type | Hindi Books |
| Classification part | उ |
| Call number suffix | स्टीवेंस |
| Withdrawn status | Lost status | Damaged status | Not for loan | Home library | Current library | Date acquired | Source of acquisition | Cost, normal purchase price | Total Checkouts | Full call number | Barcode | Date last seen | Copy number | Cost, replacement price | Price effective from | Koha item type |
|---|---|---|---|---|---|---|---|---|---|---|---|---|---|---|---|---|
| Central Library | Central Library | 11/09/2015 | Cen Lib/Ret | 100.00 | उ स्टीवेंस | B-245969 | 11/09/2015 | 1 | 100.00 | 11/09/2015 | Hindi Books |
